000 00686nam a2200289Ia 4500
005 20260324115614.0
008 008 260324s9999 xx 000 0 eng d
020 _a9781315155340
037 _aEBOOK
040 _aCRL
040 _beng
040 _cCRL
041 _2eng
041 _aeng
084 _qCRL
100 _aMoeness Amin
_91155312
245 0 _aRadar for Indoor Monitoring
245 0 _bDetection, Classification, and Assessment
260 _bTaylor and Francis
260 _c2017
365 _a
365 _b340
856 _uhttp://www.taylorfrancis.com/books/9781315155340
942 _cEBOOK
999 _c1746307
_d1746307